[Event "Men Ch r_1"]
[Site "Albena BUL"]
[Date "2010.05.27"]
[Round "1.1"]
[White "Vasilev, Milen"]
[Black "Delchev, Aleksander"]
[Result "0-1"]
[WhiteElo "2468"]
[BlackElo "2625"]
[PlyCount "62"]
[EventDate "2010.05.27"]
[EventRounds "7"]
[EventCountry "BUL"]

1. d4 Nf6 2. c4 g6 3. Nc3 d5 4. Bg5 Ne4 5. Bh4 Nxc3 6. bxc3 dxc4 7. e3 Be6 8.
Nf3 Bg7 9. Qb1 b6 10. Ng5 Bd5 11. e4 h6 12. Nh3 Be6 13. Nf4 Qd7 14. Be2 c5 15.
Nxe6 Qxe6 16. e5 cxd4 17. cxd4 Nc6 18. Qb5 O-O 19. Rd1 Rac8 20. f4 c3 21. d5
Qf5 22. O-O c2 23. dxc6 cxd1=Q 24. Bxd1 g5 25. Bg3 gxf4 26. Bxf4 Qe4 27. Ba4 e6
28. Bd1 Rxc6 29. Qb3 Qd4+ 30. Kh1 Rc3 31. Qb2 Rf3 0-1

[Event "Men Ch r_1"]
[Site "Albena BUL"]
[Date "2010.05.27"]
[Round "1.1"]
[White "Iotov, Valentin"]
[Black "Lilov, Valeri"]
[Result "1-0"]
[WhiteElo "2569"]
[BlackElo "2415"]
[PlyCount "51"]
[EventDate "2010.05.27"]
[EventRounds "7"]
[EventCountry "BUL"]

1. d4 d5 2. Nf3 Nf6 3. c4 e6 4. Nc3 c6 5. e3 Nbd7 6. Qc2 Bd6 7. Bd3 O-O 8. O-O
dxc4 9. Bxc4 e5 10. h3 Qe7 11. Bb3 c5 12. Ng5 cxd4 13. exd4 exd4 14. Nd5 Qd8
15. Re1 g6 16. Nxf6+ Nxf6 17. Qc4 Qd7 18. Rd1 Qe7 19. Qxd4 Bc5 20. Qh4 Bf5 21.
Bd2 h5 22. Re1 Qd6 23. Bc3 Nd5 24. Bxd5 Qxd5 25. Re5 Qd6 26. Rxf5 1-0

[Event "Men Ch r_1"]
[Site "Albena BUL"]
[Date "2010.05.27"]
[Round "1.1"]
[White "Manolov, Ivan"]
[Black "Nikolov, Momchil"]
[Result "0-1"]
[WhiteElo "2266"]
[BlackElo "2553"]
[PlyCount "80"]
[EventDate "2010.05.27"]
[EventRounds "7"]
[EventCountry "BUL"]

1. e4 c5 2. Nf3 e6 3. c3 Nf6 4. e5 Nd5 5. d4 cxd4 6. cxd4 d6 7. a3 Bd7 8. Bd3
Bc6 9. O-O Nd7 10. Re1 Rc8 11. Nbd2 dxe5 12. dxe5 Nf4 13. Ne4 Nxd3 14. Qxd3 Nc5
15. Nxc5 Bxc5 16. Qxd8+ Rxd8 17. Bg5 Rd7 18. Rad1 h6 19. Rxd7 Kxd7 20. Be3 Bxe3
21. Rxe3 Rc8 22. Nd4 Bd5 23. f3 Rc1+ 24. Kf2 Rd1 25. Nb3 b6 26. Rc3 Rb1 27. Nd2
Rxb2 28. Ke3 Ra2 29. h4 a5 30. g3 b5 31. Nb3 b4 32. axb4 axb4 33. Nc5+ Kc6 34.
Rc1 Kb5 35. f4 b3 36. Nd3 Bc4 37. Kd4 Rc2 38. Rxc2 bxc2 39. Nc1 Kb4 40. g4 g6
0-1

[Event "Men Ch r_1"]
[Site "Albena BUL"]
[Date "2010.05.27"]
[Round "1.1"]
[White "Petrov, Marijan"]
[Black "Andreev, Sasho"]
[Result "1-0"]
[WhiteElo "2545"]
[BlackElo "2194"]
[PlyCount "65"]
[EventDate "2010.05.27"]
[EventRounds "7"]
[EventCountry "BUL"]

1. e4 Nf6 2. e5 Nd5 3. d4 d6 4. Nf3 g6 5. Bc4 Nb6 6. Bb3 Bg7 7. Ng5 e6 8. Qf3
O-O 9. Qh3 h6 10. Nf3 dxe5 11. dxe5 c5 12. c3 h5 13. O-O Nc6 14. Re1 Qc7 15.
Qg3 Ne7 16. Nh4 c4 17. Bc2 Nbd5 18. Bg5 Nf5 19. Nxf5 exf5 20. Nd2 Re8 21. Nf3
Qb6 22. Ba4 Rf8 23. Rad1 Qa5 24. Bc2 Re8 25. Qh4 Be6 26. a3 Qb6 27. Ba4 Rf8 28.
Rd2 Qa6 29. Bd1 f6 30. exf6 Nxf6 31. Bxf6 Bxf6 32. Qg3 Bf7 33. Rd6 1-0

[Event "Men Ch r_1"]
[Site "Albena BUL"]
[Date "2010.05.27"]
[Round "1.1"]
[White "Angelov, Angel"]
[Black "Bojkov, Dejan"]
[Result "0-1"]
[WhiteElo "2227"]
[BlackElo "2542"]
[PlyCount "126"]
[EventDate "2010.05.27"]
[EventRounds "7"]
[EventCountry "BUL"]

1. e4 e5 2. Nf3 Nc6 3. Bb5 a6 4. Ba4 Nf6 5. d3 b5 6. Bb3 Be7 7. a4 Bb7 8. O-O
O-O 9. Nc3 b4 10. Nd5 d6 11. a5 Nxd5 12. Bxd5 Nxa5 13. Bxf7+ Rxf7 14. Rxa5 c5
15. Ra1 a5 16. h3 a4 17. c4 Bc6 18. Nh2 Rf6 19. Ng4 Rg6 20. Ne3 Qd7 21. Kh2 Rf8
22. Nd5 Bd8 23. Qe2 Qe8 24. Bd2 Bd7 25. Be3 Bc6 26. Bd2 Kh8 27. Kh1 Bg5 28.
Bxg5 Rxg5 29. f3 Qd8 30. Rf2 Rg6 31. Ne3 Rgf6 32. Nd5 R6f7 33. Ne3 Ra7 34. Nf5
Qf6 35. Rff1 Rfa8 36. Ne3 h6 37. Nd5 Bxd5 38. cxd5 Qf4 39. Ra2 Qf7 40. Rfa1 Qb7
41. Qe3 Qb5 42. Rc1 Rc7 43. Rc4 Rf7 44. Qe1 a3 45. b3 Raf8 46. Qe3 Rf4 47. Rcc2
R8f6 48. Rd2 Qe8 49. Kh2 Qf7 50. Qe1 g5 51. Rdc2 h5 52. d4 exd4 53. e5 Qe7 54.
Re2 R6f5 55. exd6 Qxd6 56. Kg1 Qxd5 57. Re8+ Kg7 58. Rae2 d3 59. R2e7+ Rf7 60.
Re5 d2 61. Qd1 Qd4+ 62. Kh1 R4f5 63. Re4 Qb2 0-1

[Event "Men Ch r_1"]
[Site "Albena BUL"]
[Date "2010.05.27"]
[Round "1.1"]
[White "Velchev, Hristo"]
[Black "Dichev, Nedelcho"]
[Result "1-0"]
[WhiteElo "2310"]
[BlackElo "2175"]
[PlyCount "83"]
[EventDate "2010.05.27"]
[EventRounds "7"]
[EventCountry "BUL"]

1. e4 c5 2. c3 Nf6 3. e5 Nd5 4. d4 cxd4 5. Nf3 Nc6 6. cxd4 d6 7. Bc4 Nb6 8. Bb5
d5 9. h3 Bf5 10. Nc3 e6 11. O-O Be7 12. Re1 O-O 13. Bf4 Rc8 14. g4 Bg6 15. Bg3
Nb4 16. h4 Nc2 17. h5 Nxe1 18. Nxe1 Be4 19. f3 Bb4 20. Rc1 a6 21. Be2 Qg5 22.
fxe4 dxe4 23. a3 Bxc3 24. bxc3 Nd5 25. c4 Nf4 26. Bxf4 Qxf4 27. Rc3 f5 28. Qc1
Qxc1 29. Rxc1 f4 30. Kf2 f3 31. Bf1 Rf4 32. Nc2 Rxg4 33. Bh3 Rg2+ 34. Bxg2 fxg2
35. Ne3 Rf8+ 36. Kxg2 Rf3 37. Re1 b5 38. c5 Kf7 39. c6 Ke7 40. d5 exd5 41.
Nxd5+ Ke6 42. c7 1-0

[Event "Men Ch r_1"]
[Site "Albena BUL"]
[Date "2010.05.27"]
[Round "1.2"]
[White "Georgiev, Kiril"]
[Black "Radulski, Julian"]
[Result "1-0"]
[WhiteElo "2662"]
[BlackElo "2593"]
[PlyCount "79"]
[EventDate "2010.05.27"]
[EventRounds "7"]
[EventCountry "BUL"]

1. d4 d5 2. c4 e6 3. Nf3 Nf6 4. g3 Be7 5. Bg2 O-O 6. O-O Na6 7. Nc3 c5 8. cxd5
exd5 9. dxc5 Nxc5 10. Be3 Be6 11. Rc1 Rc8 12. Bd4 h6 13. e3 a6 14. Ne2 Qa5 15.
a3 Nce4 16. Qb3 b5 17. Nf4 Rc4 18. Nxe6 fxe6 19. Bh3 Nxf2 20. Bxe6+ Kh7 21.
Rxc4 dxc4 22. Qc2+ Nd3 23. Ne5 g6 24. Nxd3 cxd3 25. Qxd3 Qd8 26. Bb3 Qd6 27.
Bc2 Nd7 28. Qe4 Rxf1+ 29. Kxf1 Nf8 30. Qb7 h5 31. b4 Kh6 32. Qe4 Qe6 33. Qf4+
Kh7 34. Kg1 Nd7 35. Qe4 Qd6 36. Bd3 Bf8 37. Qe8 Kh6 38. Qf7 Qc6 39. Kf2 Qd6 40.
h4 1-0

[Event "Men Ch r_1"]
[Site "Albena BUL"]
[Date "2010.05.27"]
[Round "1.2"]
[White "Grigorov, Grigor"]
[Black "Lupulescu, Constantin"]
[Result "0-1"]
[WhiteElo "2501"]
[BlackElo "2593"]
[PlyCount "56"]
[EventDate "2010.05.27"]
[EventRounds "7"]
[EventCountry "BUL"]

1. d4 Nf6 2. c4 c5 3. d5 e6 4. Nc3 exd5 5. cxd5 d6 6. Nf3 g6 7. Bf4 a6 8. a4
Bg7 9. e4 O-O 10. Be2 Bg4 11. O-O Qe7 12. Nd2 Bxe2 13. Qxe2 Nh5 14. Be3 Nd7 15.
a5 Rfe8 16. Ra4 Rab8 17. Kh1 Kh8 18. Re1 Be5 19. g3 Ng7 20. Qd3 f5 21. f4 Bxc3
22. bxc3 b5 23. axb6 Nxb6 24. Raa1 fxe4 25. Qxa6 Nxd5 26. c4 Nb4 27. Qa4 Nf5
28. Qd1 Nd3 0-1

[Event "Men Ch r_1"]
[Site "Albena BUL"]
[Date "2010.05.27"]
[Round "1.2"]
[White "Spasov, Vasil"]
[Black "Janev, Evgeni"]
[Result "1-0"]
[WhiteElo "2605"]
[BlackElo "2475"]
[PlyCount "121"]
[EventDate "2010.05.27"]
[EventRounds "7"]
[EventCountry "BUL"]

1. e4 d6 2. d4 Nf6 3. Nc3 e5 4. Nf3 Nbd7 5. Bc4 Be7 6. O-O O-O 7. Re1 exd4 8.
Nxd4 Re8 9. a4 Bf8 10. Bg5 h6 11. Bh4 Ne5 12. Bf1 c6 13. a5 Bd7 14. h3 Ng6 15.
Bg3 b5 16. axb6 axb6 17. Rxa8 Qxa8 18. Nf3 Be6 19. Nd4 Bd7 20. Nf5 d5 21. Qf3
Bxf5 22. Qxf5 Bb4 23. e5 Bxc3 24. bxc3 Ne4 25. Rxe4 dxe4 26. Bc4 Nh8 27. Qxe4
b5 28. Bb3 c5 29. Bd5 Qa6 30. c4 bxc4 31. Bxc4 Qa1+ 32. Kh2 Qd4 33. Qc6 Rxe5
34. Bxe5 Qxe5+ 35. g3 Qd4 36. Qc8+ Kh7 37. Bd3+ g6 38. Kg2 Kg7 39. h4 Qd5+ 40.
Kg1 g5 41. h5 Qe5 42. Qd7 Kf8 43. Kg2 Kg7 44. Qg4 Qd5+ 45. Qf3 Qd6 46. Qe4 Kf8
47. Bc4 Kg7 48. Qf5 Qd4 49. Bd3 Kf8 50. Qh7 Qf6 51. Qe4 Qd6 52. Bc4 Kg7 53. Bd5
Qd7 54. Qe5+ f6 55. Qe4 Kf8 56. c4 Qe7 57. Kf3 Nf7 58. Qxe7+ Kxe7 59. Bxf7 Kxf7
60. Ke4 Ke6 61. g4 1-0

[Event "Men Ch r_1"]
[Site "Albena BUL"]
[Date "2010.05.27"]
[Round "1.2"]
[White "Kozhuharov, Spas"]
[Black "Kolev, Atanas"]
[Result "1/2-1/2"]
[WhiteElo "2404"]
[BlackElo "2580"]
[PlyCount "78"]
[EventDate "2010.05.27"]
[EventRounds "7"]
[EventCountry "BUL"]

1. d4 Nf6 2. c4 e6 3. Nf3 d5 4. Nc3 dxc4 5. e3 a6 6. a4 c5 7. Bxc4 Nc6 8. O-O
Be7 9. Qe2 O-O 10. Rd1 Qc7 11. h3 Rd8 12. d5 exd5 13. Nxd5 Nxd5 14. Rxd5 Be6
15. Rxd8+ Rxd8 16. Bxe6 fxe6 17. Bd2 Qd7 18. Bc3 Qd3 19. Qxd3 Rxd3 20. Kf1 Bf6
21. Ke2 Rd5 22. Nd2 Kf7 23. f4 h6 24. g4 b6 25. Ra3 Bxc3 26. Rxc3 Na5 27. b3 b5
28. axb5 axb5 29. Rc2 g5 30. Ra2 Nc6 31. Ra6 Nb4 32. Ra7+ Kf8 33. fxg5 hxg5 34.
Rb7 Na2 35. e4 Rd4 36. Nf3 Nc3+ 37. Ke3 Nd1+ 38. Ke2 Nc3+ 39. Ke3 Nd1+ 1/2-1/2

[Event "Men Ch r_1"]
[Site "Albena BUL"]
[Date "2010.05.27"]
[Round "1.2"]
[White "Rusev, Krasimir"]
[Black "Arnaudov, G  Petar"]
[Result "1/2-1/2"]
[WhiteElo "2553"]
[BlackElo "2416"]
[PlyCount "101"]
[EventDate "2010.05.27"]
[EventRounds "7"]
[EventCountry "BUL"]

1. d4 Nf6 2. c4 Nc6 3. Nc3 e5 4. d5 Ne7 5. h4 c6 6. Nf3 cxd5 7. cxd5 Qa5 8.
Nxe5 Nexd5 9. Bd2 Nxc3 10. Bxc3 Bb4 11. Bxb4 Qxb4+ 12. Qd2 Qxd2+ 13. Kxd2 d6
14. Nd3 Bd7 15. f3 Nh5 16. g4 Ng3 17. Rg1 Nxf1+ 18. Raxf1 h6 19. Rc1 Rc8 20.
Nf4 g5 21. Nd5 Rxc1 22. Rxc1 gxh4 23. Nf6+ Ke7 24. Nxd7 Kxd7 25. Rh1 Ke6 26. e4
d5 27. exd5+ Kxd5 28. Rxh4 Ke6 29. Rh5 f6 30. Ke3 Rh7 31. Ke4 Rh8 32. Kf4 Kf7
33. Kf5 Kg7 34. Rh2 Rc8 35. b4 Rc4 36. a3 a5 37. Rd2 axb4 38. Rd7+ Kf8 39. axb4
Rxb4 40. Kg6 Rf4 41. Rd3 b5 42. Rb3 b4 43. Re3 Rc4 44. Re6 Rf4 45. Re3 Rc4 46.
Re6 Rf4 47. Rb6 Ke7 48. Kxh6 Kd7 49. g5 fxg5 50. Kxg5 Rxf3 51. Rxb4 1/2-1/2

[Event "Men Ch r_1"]
[Site "Albena BUL"]
[Date "2010.05.27"]
[Round "1.2"]
[White "Panbukchian, Valentin"]
[Black "Enchev, Ivajlo"]
[Result "1/2-1/2"]
[WhiteElo "2381"]
[BlackElo "2429"]
[PlyCount "148"]
[EventDate "2010.05.27"]
[EventRounds "7"]
[EventCountry "BUL"]

1. e4 c5 2. Nc3 Nc6 3. g3 g6 4. d3 Bg7 5. Bg2 d6 6. Bg5 Rb8 7. Nge2 b5 8. Qc1
b4 9. Nd1 Nd4 10. Nxd4 cxd4 11. b3 Nf6 12. O-O O-O 13. a3 a5 14. Nb2 Be6 15.
axb4 axb4 16. Qd2 Nd7 17. f4 f6 18. Bh4 Bf7 19. g4 Bh6 20. Bg3 e5 21. Ra7 Be6
22. h3 Nc5 23. Rfa1 Rf7 24. g5 exf4 25. gxh6 fxg3 26. Qf4 Qb6 27. Ra8 Rff8 28.
Rxb8 Qxb8 29. Qxg3 Nd7 30. Ra4 Ne5 31. Qf2 Bc8 32. Ra1 Qb6 33. Nc4 Nxc4 34.
dxc4 Qc5 35. Rd1 Qg5 36. Qxd4 Qxh6 37. Rd3 Qc1+ 38. Kh2 Qf4+ 39. Kh1 Qc1+ 40.
Rd1 Qxc2 41. Qxd6 Qc3 42. Rd3 Qa1+ 43. Kh2 Kg7 44. Qc7+ Kh6 45. Qe7 Qe5+ 46.
Qxe5 fxe5 47. Kg3 Bb7 48. Rd7 Ba8 49. Ra7 Rd8 50. Bf3 Bc6 51. Ra6 Bb7 52. Rb6
Ba8 53. Rxb4 Rd4 54. Rb5 Bxe4 55. Rxe5 Bc2 56. Re3 Bxb3 57. Rxb3 Rxc4 58. Rb7
Rc3 59. Kf4 Rc4+ 60. Kg3 Rc3 61. Re7 Ra3 62. Kg4 Ra4+ 63. Be4 Rb4 64. h4 Rb5
65. Rd7 Rb4 66. Kf4 Rb5 67. Bd5 Rb4+ 68. Kg3 Rd4 69. Kf3 Rxh4 70. Bg8 Kg5 71.
Bxh7 Rf4+ 72. Ke3 Rf8 73. Rd6 Rh8 74. Rxg6+ Kh5 1/2-1/2

[Event "Men Ch r_1"]
[Site "Albena BUL"]
[Date "2010.05.27"]
[Round "1.3"]
[White "Ninov, Nikolai"]
[Black "Kolev, Atanas Tonchev"]
[Result "1-0"]
[WhiteElo "2524"]
[BlackElo "2038"]
[PlyCount "71"]
[EventDate "2010.05.27"]
[EventRounds "7"]
[EventCountry "BUL"]

1. e4 c5 2. Nf3 d6 3. d4 cxd4 4. Nxd4 Nf6 5. Nc3 a6 6. f4 e6 7. Qf3 Qc7 8. g4
Nc6 9. Nxc6 Qxc6 10. g5 Nd7 11. a4 b6 12. Be3 Bb7 13. Bd3 Be7 14. h4 h5 15. Bd4
e5 16. fxe5 Nxe5 17. Bxe5 dxe5 18. Rf1 Qe6 19. Nd5 Rc8 20. O-O-O Rc5 21. Nxb6
O-O 22. Nd5 g6 23. Nxe7+ Qxe7 24. c3 Bc6 25. Bc2 Ra5 26. Qf6 Qxf6 27. Rxf6 Bxa4
28. Rd5 Rxd5 29. exd5 Bb5 30. b3 Ra8 31. c4 Be8 32. c5 Rd8 33. Be4 Rc8 34. c6
a5 35. Kb2 Kg7 36. d6 1-0

[Event "Men Ch r_1"]
[Site "Albena BUL"]
[Date "2010.05.27"]
[Round "1.3"]
[White "Badev, Kiril"]
[Black "Popchev, Milko"]
[Result "1-0"]
[WhiteElo "2348"]
[BlackElo "2499"]
[PlyCount "70"]
[EventDate "2010.05.27"]
[EventRounds "7"]
[EventCountry "BUL"]

1. e4 g6 2. d4 Bg7 3. Nc3 c6 4. h3 b5 5. Nf3 d6 6. Bd3 Nd7 7. O-O Bb7 8. Qe2 e5
9. d5 cxd5 10. Nxd5 a6 11. c4 bxc4 12. Bxc4 Ngf6 13. Bg5 O-O 14. Rfd1 Qb8 15.
Rac1 Nxd5 16. Bxd5 Bxd5 17. Rxd5 Re8 18. Rc6 Bf8 19. Rxa6 Rxa6 20. Qxa6 Nc5 21.
Qe2 Qb4 22. a3 Qxe4 23. Qd1 Ne6 24. Be3 Nd4 25. Ra5 Nf5 26. Qb3 Nxe3 27. fxe3
Bh6 28. Kf2 Rc8 29. Ne1 d5 30. Ra4 d4 31. exd4 exd4 32. Qd3 Be3+ 33. Ke2 Qf4
34. Qd1 Qf2+ 35. Kd3 Qxb2 1-0

[Event "Men Ch r_1"]
[Site "Albena BUL"]
[Date "2010.05.27"]
[Round "1.3"]
[White "Genov, Petar"]
[Black "Stoinev, Metodi"]
[Result "1-0"]
[WhiteElo "2438"]
[BlackElo "2295"]
[PlyCount "53"]
[EventDate "2010.05.27"]
[EventRounds "7"]
[EventCountry "BUL"]

1. d4 d5 2. c4 e6 3. Nc3 Nf6 4. cxd5 exd5 5. Bg5 Be7 6. e3 Nbd7 7. Bd3 O-O 8.
Nge2 Re8 9. O-O Nf8 10. Qc2 c6 11. f3 Nh5 12. Bxe7 Qxe7 13. e4 dxe4 14. fxe4
Qg5 15. Kh1 Bg4 16. Bc4 Re7 17. e5 Ne6 18. Ne4 Qe3 19. Nd6 Rf8 20. Qc3 Qg5 21.
Rf2 Bxe2 22. Bxe2 Nhf4 23. Bc4 Nd5 24. Bxd5 cxd5 25. Raf1 Qh4 26. Nf5 Qg5 27.
h4 1-0

[Event "Men Ch r_1"]
[Site "Albena BUL"]
[Date "2010.05.27"]
[Round "1.3"]
[White "Mishev, Liubomir"]
[Black "Berbatov, Kiprian"]
[Result "0-1"]
[WhiteElo "2189"]
[BlackElo "2471"]
[PlyCount "92"]
[EventDate "2010.05.27"]
[EventRounds "7"]
[EventCountry "BUL"]

1. e4 c5 2. Nf3 d6 3. d4 cxd4 4. Nxd4 Nf6 5. Nc3 a6 6. a4 e6 7. Be2 Be7 8. O-O
O-O 9. Be3 Qc7 10. f4 b6 11. Bf3 Bb7 12. Qe1 Nc6 13. Qg3 Rfe8 14. e5 dxe5 15.
fxe5 Nd7 16. Nxc6 Bxc6 17. Bh6 Bf8 18. Bf4 b5 19. axb5 axb5 20. Rae1 Bxf3 21.
Qxf3 b4 22. Ne4 Ra5 23. Nd6 Bxd6 24. exd6 Qxc2 25. Qb7 Qc5+ 26. Be3 Qxd6 27.
Rd1 Rd5 28. Rxd5 exd5 29. Bd4 h6 30. Rf5 Re1+ 31. Kf2 Re4 32. Qc8+ Kh7 33. Rxf7
Rxd4 34. Qxd7 Rd2+ 35. Kf3 Qg6 36. Qf5 Rxb2 37. Qxg6+ Kxg6 38. Rd7 Rd2 39. Rb7
Rd4 40. Ke3 Rg4 41. Kf3 Rc4 42. Rb5 d4 43. Ke4 Rc2 44. Kf3 b3 45. h3 b2 46. g3
d3 0-1

[Event "Men Ch r_1"]
[Site "Albena BUL"]
[Date "2010.05.27"]
[Round "1.3"]
[White "Ivanov, Jordan"]
[Black "Karakehajov, Kalin"]
[Result "1/2-1/2"]
[WhiteElo "2429"]
[BlackElo "2505"]
[PlyCount "60"]
[EventDate "2010.05.27"]
[EventRounds "7"]
[EventCountry "BUL"]

1. d4 d5 2. c4 e6 3. Nf3 c6 4. e3 Nf6 5. Bd3 Nbd7 6. O-O Be7 7. Nc3 O-O 8. e4
dxe4 9. Nxe4 c5 10. Nxc5 Nxc5 11. dxc5 Qc7 12. Qe2 Qxc5 13. Be3 Qh5 14. Rfd1 e5
15. Bg5 Bg4 16. Qxe5 Rfe8 17. Qg3 Rad8 18. Bc2 Rc8 19. Bxf6 Bxf6 20. Rd5 Bxf3
21. Rxh5 Bxh5 22. Qh3 Bxb2 23. Rb1 Bg6 24. Bxg6 hxg6 25. g3 Bd4 26. Rxb7 Rxc4
27. Qd7 Rf8 28. Qd5 Rc1+ 29. Kg2 Bb6 30. Qb3 Rc5 1/2-1/2

[Event "Men Ch r_1"]
[Site "Albena BUL"]
[Date "2010.05.27"]
[Round "1.3"]
[White "Panajotov, Janko"]
[Black "Andonov, Bogomil"]
[Result "0-1"]
[WhiteElo "2192"]
[BlackElo "2309"]
[PlyCount "74"]
[EventDate "2010.05.27"]
[EventRounds "7"]
[EventCountry "BUL"]

1. e4 c5 2. Nf3 Nc6 3. d4 cxd4 4. Nxd4 e6 5. Nb5 d6 6. c4 Nf6 7. N1c3 a6 8. Na3
b6 9. Be2 Bb7 10. Be3 Nb8 11. f3 Nbd7 12. O-O Be7 13. Qd2 O-O 14. Rfd1 Qc7 15.
Rac1 Rac8 16. Bf1 Qb8 17. Qf2 Bd8 18. Rc2 Bc7 19. Qh4 Ne5 20. Rcd2 Rfe8 21. Bg5
Ng6 22. Qh3 Nd7 23. Be3 h6 24. Be2 Nf6 25. Nc2 d5 26. exd5 exd5 27. cxd5 Nf4
28. Qh4 N6xd5 29. Bxf4 Nxf4 30. Bf1 b5 31. Nd4 Bb6 32. Kh1 Qe5 33. Nce2 Nd5 34.
Qg3 Ne3 35. Qxe5 Rxe5 36. Rb1 Rd8 37. Kg1 Red5 0-1

[Event "Men Ch r_1"]
[Site "Albena BUL"]
[Date "2010.05.27"]
[Round "1.4"]
[White "Simeonov, Stefan"]
[Black "Chatalbashev, Boris"]
[Result "1-0"]
[WhiteElo "2373"]
[BlackElo "2593"]
[PlyCount "80"]
[EventDate "2010.05.27"]
[EventRounds "7"]
[EventCountry "BUL"]

1. e4 g6 2. d4 Bg7 3. Nc3 d6 4. f4 Nf6 5. Nf3 O-O 6. Bd3 Na6 7. O-O c5 8. d5
Bg4 9. h3 Bxf3 10. Qxf3 Nb4 11. a3 Nxd3 12. Qxd3 e6 13. dxe6 fxe6 14. f5 Qb6
15. Be3 c4 16. Qe2 Qxb2 17. Bd4 Nh5 18. Qxc4 d5 19. Qd3 dxe4 20. Qxe4 Bxd4+ 21.
Qxd4 Ng3 22. fxg6 Qxc3 23. gxh7+ Kxh7 24. Qh4+ Kg8 25. Qg4+ Qg7 26. Qxe6+ Kh7
27. Rfe1 Rae8 28. Qc4 Ne2+ 29. Kh1 Nf4 30. Rg1 Rc8 31. Qe4+ Ng6 32. Rad1 Rcd8
33. Rge1 Rxd1 34. Rxd1 Rf7 35. Kg1 Qe5 36. Qd3 Kg7 37. Kh1 b6 38. Qb3 Rf2 39.
Qd3 Kh6 40. a4 Rxg2 1-0

[Event "Men Ch r_1"]
[Site "Albena BUL"]
[Date "2010.05.27"]
[Round "1.4"]
[White "Petkov, Vladimir"]
[Black "Lalev, Dimitar"]
[Result "1/2-1/2"]
[WhiteElo "2498"]
[BlackElo "2396"]
[PlyCount "61"]
[EventDate "2010.05.27"]
[EventRounds "7"]
[EventCountry "BUL"]

1. Nf3 d5 2. c4 c6 3. e3 Nf6 4. Nc3 g6 5. d4 Bg7 6. Bd2 O-O 7. Rc1 Ne4 8. cxd5
cxd5 9. Qb3 Nxd2 10. Nxd2 e5 11. dxe5 d4 12. exd4 Nc6 13. Qd5 Nxd4 14. f4 g5
15. Qxd8 Rxd8 16. fxg5 Bxe5 17. Nce4 Be6 18. Bc4 Rac8 19. O-O b5 20. Bd3 Bxa2
21. Nf6+ Kg7 22. Rce1 Nc6 23. Bf5 Bxb2 24. Bxc8 Rxc8 25. Nde4 Ne5 26. Nd6 Rc2
27. Nf5+ Kg6 28. h4 Be6 29. Ne7+ Kg7 30. Nf5+ Kg6 31. Ne7+ 1/2-1/2

[Event "Men Ch r_1"]
[Site "Albena BUL"]
[Date "2010.05.27"]
[Round "1.4"]
[White "Ilchev, Dimitar"]
[Black "Mrdja, Milan"]
[Result "1/2-1/2"]
[WhiteElo "2043"]
[BlackElo "2383"]
[PlyCount "63"]
[EventDate "2010.05.27"]
[EventRounds "7"]
[EventCountry "BUL"]

1. c4 g6 2. d4 Bg7 3. e4 c5 4. Ne2 cxd4 5. Nxd4 Nc6 6. Be3 d6 7. Nc3 Nf6 8. Be2
O-O 9. Qd2 Ng4 10. Bxg4 Bxg4 11. f3 Bd7 12. O-O Rc8 13. b3 a6 14. Rac1 Re8 15.
Nd5 Nxd4 16. Bxd4 Bxd4+ 17. Qxd4 Be6 18. Nf4 Qa5 19. Nxe6 fxe6 20. Rc2 Qc5 21.
Qxc5 Rxc5 22. b4 Rc6 23. Rfc1 Rec8 24. Kf2 Kf7 25. Ke3 e5 26. g3 Ke6 27. f4 b6
28. Kd3 Rf8 29. Ke3 h6 30. Rf2 Rc7 31. Rfc2 Rfc8 32. Kd3 1/2-1/2

[Event "Men Ch r_1"]
[Site "Albena BUL"]
[Date "2010.05.27"]
[Round "1.4"]
[White "Marholev, Dimitar"]
[Black "Rahnev, Alexander"]
[Result "1-0"]
[WhiteElo "2433"]
[BlackElo "2125"]
[PlyCount "63"]
[EventDate "2010.05.27"]
[EventRounds "7"]
[EventCountry "BUL"]

1. e4 e5 2. Nf3 Nc6 3. Bb5 a6 4. Ba4 Nf6 5. O-O Be7 6. Re1 b5 7. Bb3 O-O 8. c3
d6 9. h3 Bb7 10. d4 Re8 11. Nbd2 Bf8 12. a4 exd4 13. cxd4 Nb4 14. Ng5 d5 15. e5
h6 16. exf6 Rxe1+ 17. Qxe1 hxg5 18. fxg7 Bd6 19. Nf3 f6 20. Bd2 Qe7 21. Qxe7
Bxe7 22. Rc1 c6 23. Re1 Kf7 24. Rxe7+ Kxe7 25. Bxb4+ Kf7 26. Bf8 Re8 27. Bc2
Kg8 28. Kf1 Bc8 29. Bg6 Rd8 30. a5 b4 31. h4 gxh4 32. Nxh4 1-0

[Event "Men Ch r_1"]
[Site "Albena BUL"]
[Date "2010.05.27"]
[Round "1.4"]
[White "Dimitrov, Marin"]
[Black "Dobrev, Nanko"]
[Result "0-1"]
[WhiteElo "2097"]
[BlackElo "2396"]
[PlyCount "118"]
[EventDate "2010.05.27"]
[EventRounds "7"]
[EventCountry "BUL"]

1. d4 Nf6 2. c4 d6 3. Nc3 g6 4. e4 Bg7 5. Be2 O-O 6. Bg5 Nbd7 7. Qd2 c5 8. d5
a6 9. Nf3 b5 10. cxb5 axb5 11. Bxb5 Ba6 12. Bxa6 Rxa6 13. O-O Qa8 14. Rfe1 Rb8
15. e5 dxe5 16. Nxe5 Nxe5 17. Rxe5 Rab6 18. Rxe7 Rxb2 19. Qf4 R2b4 20. Qf3 Qa6
21. Rae1 Qd6 22. g3 Rf8 23. Bf4 Qd8 24. d6 Nh5 25. Nd5 Qa8 26. Be5 Bxe5 27.
R7xe5 Rd4 28. Nf6+ Nxf6 29. Qxf6 Qc6 30. Qe7 Rxd6 31. Qa7 Rc8 32. h4 c4 33. Qe3
Rcd8 34. Qe4 c3 35. Qxc6 Rxc6 36. Re8+ Rxe8 37. Rxe8+ Kg7 38. Re1 Ra6 39. Rc1
Ra3 40. Rc2 Kf6 41. Kf1 Ke5 42. Ke2 Kd4 43. Kd1 h6 44. Re2 Ra7 45. Kc1 g5 46.
hxg5 hxg5 47. g4 Ra6 48. Re7 f5 49. gxf5 Rxa2 50. Rg7 Kd3 51. Rd7+ Ke4 52. f3+
Kxf5 53. Rd3 Kf4 54. Rxc3 Rf2 55. Kd1 Rxf3 56. Rc4+ Kg3 57. Ke2 g4 58. Ra4 Rf8
59. Re4 Kh3 0-1

[Event "Men Ch Group A r_2 "]
[Site "Albena BUL"]
[Date "2010.05.28"]
[Round "2.1"]
[White "Delchev, Aleksander"]
[Black "Chatalbashev, Boris"]
[Result "1/2-1/2"]
[WhiteElo "2625"]
[BlackElo "2593"]
[PlyCount "88"]
[EventDate "2010.05.27"]
[EventRounds "7"]
[EventCountry "BUL"]

1. e4 d6 2. d4 Nf6 3. Nc3 g6 4. Be3 Bg7 5. h3 O-O 6. Nf3 a6 7. a4 b6 8. Bc4 e6
9. O-O Bb7 10. e5 dxe5 11. Nxe5 Nc6 12. Nxc6 Bxc6 13. Qe2 Qc8 14. Rfd1 Qb7 15.
f3 Rfe8 16. Bf4 Bd5 17. Bxd5 exd5 18. Qd2 c5 19. Be5 c4 20. Re1 b5 21. axb5
axb5 22. g4 Rxa1 23. Rxa1 b4 24. Ne2 b3 25. c3 Qc6 26. Kg2 Bf8 27. Ng3 Nd7 28.
Bf4 Nb6 29. Bh6 Be7 30. Nf1 Bd6 31. Ne3 Bc7 32. Re1 Qd6 33. Nf1 Rxe1 34. Qxe1
Qe6 35. Qf2 f5 36. Qd2 Na4 37. Ng3 Qd6 38. f4 Qe6 39. Kf3 Kf7 40. Qc1 Ke8 41.
Qa1 Nb6 42. Qb1 Kd7 43. gxf5 gxf5 44. Bg7 Na4 1/2-1/2

[Event "Men Ch Group A r_2 "]
[Site "Albena BUL"]
[Date "2010.05.28"]
[Round "2.1"]
[White "Petkov, Vladimir"]
[Black "Iotov, Valentin"]
[Result "1/2-1/2"]
[WhiteElo "2498"]
[BlackElo "2569"]
[PlyCount "60"]
[EventDate "2010.05.27"]
[EventRounds "7"]
[EventCountry "BUL"]

1. Nf3 Nf6 2. c4 g6 3. Nc3 d5 4. cxd5 Nxd5 5. e4 Nxc3 6. dxc3 Qxd1+ 7. Kxd1 f6
8. Be3 e5 9. Bc4 Ke7 10. Kc2 Be6 11. Nd2 Nd7 12. Rhd1 h5 13. a4 Bh6 14. Bxh6
Rxh6 15. a5 Rhh8 16. Bxe6 Kxe6 17. Nc4 Rhd8 18. b4 Nf8 19. Ne3 c6 20. Rab1 a6
21. Nc4 Ke7 22. h4 Ne6 23. g3 Rxd1 24. Rxd1 Rd8 25. Rxd8 Nxd8 26. Kd3 Ke6 27.
Ke3 Nf7 28. f3 Nd6 29. Nxd6 Kxd6 30. Kd3 f5 1/2-1/2

[Event "Men Ch Group A r_2 "]
[Site "Albena BUL"]
[Date "2010.05.28"]
[Round "2.1"]
[White "Kogan, Artur"]
[Black "Drenchev, Petar"]
[Result "1-0"]
[WhiteElo "2525"]
[BlackElo "2492"]
[PlyCount "73"]
[EventDate "2010.05.27"]
[EventRounds "7"]
[EventCountry "BUL"]

1. d4 Nf6 2. c4 e6 3. Nf3 c5 4. d5 exd5 5. cxd5 d6 6. Nc3 g6 7. Bf4 a6 8. a4
Nh5 9. Bg5 Be7 10. Bh6 Nd7 11. h3 Bf8 12. Bxf8 Kxf8 13. e3 Kg7 14. Be2 Nhf6 15.
Nd2 Rb8 16. O-O Re8 17. Qc2 Nb6 18. e4 Bd7 19. f4 Nc8 20. a5 Na7 21. Nc4 Bb5
22. b3 Nc8 23. e5 dxe5 24. fxe5 Nd7 25. e6 fxe6 26. Rad1 e5 27. Ne4 Bxc4 28.
Bxc4 b5 29. axb6 Rxb6 30. d6 Rf8 31. Rxf8 Nxf8 32. Qc3 Nd7 33. Be6 Rb4 34. Nxc5
Rd4 35. Rxd4 exd4 36. Qxd4+ Nf6 37. Bxc8 1-0